Problémy aplikácie zásady opatrnosti v účtovníctve diplomová práca

Uložené v:
Podrobná bibliografia
Hlavný autor: Kovárová, Barbora
Korporativný autor: Fakulta hospodárskej informatiky EU. Katedra účtovníctva a audítorstva
Ďalší autori: Pakšiová, Renáta, 1974-
Médium: Kniha
Jazyk:Slovak
Vydavateľské údaje: Bratislava 2013
Tagy: Pridať tag
Žiadne tagy, Buďte prvý, kto otaguje tento záznam!

MARC

LEADER 00000nbm a2200000 4500
001 0171503
005 20161109102436.9
041 0 |a slo 
044 |a SK 
245 1 0 |a Problémy aplikácie zásady opatrnosti v účtovníctve  |b diplomová práca  |c Barbora Kovárová ; školiteľ: Renáta Pakšiová 
264 1 |a Bratislava  |c 2013 
300 |a 86 s. 
100 1 |a Kovárová, Barbora 
700 1 |a Pakšiová, Renáta, 1974- 
710 2 |a Fakulta hospodárskej informatiky EU. Katedra účtovníctva a audítorstva